| 000 | 01101nam a2200277Ia 4500 | ||
|---|---|---|---|
| 003 | GCL | ||
| 005 | 20240530102118.0 | ||
| 008 | 140319s9999 xx 000 0 ara d | ||
| 040 |
_aGCL / _cGCL |
||
| 082 | 0 | 4 |
_a953.0722 _bع ت |
| 100 | 1 | _aعبدالعزيز الثعالبى | |
| 245 | 1 | 0 |
_aتاريخ شمال افريقيا من الفتح الاسلامى الى نهاية الدولة الاغلبية / _cعبدالعزيز الثعالبى ؛ جمع متحقيق احمد بن ميلاد ، محمد ادريس ؛ تقديم ومراجعة حمدى الساحلى |
| 250 | _aط2 | ||
| 260 |
_aبيروت : _bدار الغرب الاسلامى ، _c1990 |
||
| 300 |
_a345 ص ؛ _c20 سم |
||
| 650 | 0 | 4 | _aالاندلس |
| 650 | 0 | 4 | _aالتاريخ الاسلامى |
| 650 | 0 | 4 | _aالدولة العباسية |
| 650 | 0 | 4 | _aالدولة الاموية |
| 650 | 0 | 4 | _aالفتوحات الاسلامية |
| 650 | 0 | 4 | _aالدولة الاغلبية |
| 650 | 0 | 4 | _aشمال افريقيا |
| 700 | 1 | _aمحمد ادريس | |
| 700 | 1 | _aاحمد بن ميلاد | |
| 942 |
_2ddc _cBK |
||
| 999 |
_c29910 _d29910 |
||